| 000 | 00454nam a2200133Ia 4500 | ||
|---|---|---|---|
| 005 | 20260209120147.0 | ||
| 008 | 260209s9999||||xx |||||||||||||| ||und|| | ||
| 100 | _aJitmanyu Satpati | ||
| 245 | 0 | _aAnti-arbitration injunctions | |
| 260 |
_aBangaloreBangalore _bNLSIU, Bangalore _c2023 |
||
| 300 | _a37 p. ; 25 cm. | ||
| 700 | _aMs. Sharada Shindhe - Supervisor Ms. Sharada Shindhe - Supervisor | ||
| 856 | _uhttps://dans.nls.ac.in/handle/123456789/1201 | ||
| 999 |
_c217594 _d217594 |
||